000 00645nam a2200193 4500
001 123482
003 ES-MaACL
007 t|
008 070214s1974 sp r ||||1| spa d
100 1 _aRaffalt, Reinhard.
_994966
245 1 1 _a¿A dónde va el Vaticano?
_b: el Papa, entre la religión y la política /
_cReinhard Raffalt ; [traducción de Marciano Villanueva Salas].
260 _aMadrid :
_bUnión Editorial,
_c1974.
300 _a303 p. ;
_c21 cm.
490 1 _aNueva perspectiva
700 1 _aVillanueva, Marciano.
_9115029
830 0 _aNueva perspectiva
_9218940
852 _aES-MaACL
_jE-6543
_bR.90897
999 _c123482
_d123482